000 01234cam a2200337 a 4500
001 3087987
003 OSt
005 20230928074327.0
008 980512s1999 enka 001 0 eng
010 _a 98020747
020 _a0723431213
035 _a(DLC) 98020747
040 _aDNLM/DLC
_cDLC
_dDLC
050 0 0 _aRE76
_b.K367 1999
060 1 0 _aWW 141 K165o 1999
082 0 0 _aWW 141 K130 1999
_221
100 1 _aKanski, Jack J.; Nischal, Ken K.; Milewski, Stanislaw A.
_9337
245 1 0 _aOphthalmology :
_bclinical signs and differential diagnosis
260 _aLondon ;
_aPhiladelphia :
_bMosby,
_cc1999.
300 _aix, 485 p. :
_bcol. ill. ;
_c29 cm.
500 _aIncludes index.
650 0 _aEye
_xDiseases
_xDiagnosis.
_94681
650 0 _aDiagnosis, Differential.
_91614
650 1 2 _aEye Diseases
_xdiagnosis.
_92638
650 2 2 _aDiagnosis, Differential.
_91614
856 4 1 _3Table of contents
_uhttp://www.loc.gov/catdir/toc/fy042/98020747.html
906 _a7
_bcbc
_corignew
_d1
_eocip
_f19
_gy-gencatlg
942 _2z
_cSLOAN
999 _c1817
_d1817